000 00267nam a2200109Ia 4500
008 200302s9999 xx 000 0 und d
100 _aMiquel Ferron
245 _aAirbrush Painting
260 _bWatson Guptill Publications, New York
260 _c1988
300 _a112 P
999 _c4539
_d4539